Successful writing : a rhetoric for advanced composition /

Bibliographic Details
Main Author: Hairston, Maxine
Format: Book
Language:English
Published: New York : Norton, [1981]
Subjects:

MARC

Tag First Indicator Second Indicator Subfields
LEADER 00000pam a2200000 a 4500
001 in00000083113
005 20151008055601.0
008 800923s1981 nyu b 00110 engm
010 |a  80024134  
020 |a 0393951480 
035 |a (OCoLC)06861423 
035 |9 AAJ3850AM 
040 |a DLC  |c DLC  |d m.c.  |d TXA  |d UtOrBLW 
049 |a TXAM  |c [1361954] 
050 0 0 |a PE1408  |b .H297 1981 
082 0 |a 808/.042  |2 19 
100 1 |a Hairston, Maxine. 
245 1 0 |a Successful writing :  |b a rhetoric for advanced composition /  |c Maxine C. Hairston. 
264 1 |a New York :  |b Norton,  |c [1981] 
264 4 |c ©1981 
300 |a xvi, 284 pages ;  |c 24 cm. 
336 |a text  |b txt  |2 rdacontent 
337 |a unmediated  |b n  |2 rdamedia 
338 |a volume  |b nc  |2 rdacarrier 
504 |a Includes bibliographical references and index. 
650 0 |a English language  |x Rhetoric. 
999 |a MARS 
999 f f |s 6df33dd2-da1a-3939-9c6f-7e8475afae04  |i 1e8a96f9-5b17-320b-92ca-0591f37765b9  |t 0 
952 f f |p ric  |a Texas A&M University  |b Rellis Campus  |c Joint Library Facility  |s JLF  |d Remote Storage  |t 0  |e PE1408 .H297 1981  |h Library of Congress classification  |i unmediated -- volume  |m A14806174804 
998 f f |a PE1408 .H297 1981  |t 0  |l Remote Storage